000 01197nam a2200241Ia 4500
003 Ost
005 20260507075406.0
008 260507s9999||||xx |||||||||||||| ||und||
020 _a3060411977
040 _cfsecg
041 _aara
082 _a330
100 _aالحصري، طارق فاروق
_eمؤلف
245 0 _aالآثار الإجتماعية لبرامج الإصلاح الإقتصادي /
_c طارق فاروق الحصري
260 _aالإسكندرية:
_bالمكتبة العصرية,
_c2008
300 _a509 صفحة؛
_bإيضاحات ؛
_c23 سم
504 _aالمراجع ص.476
520 _aيضم برامج الإصلاح الإقتصادي في مصر، آثار برامج الإصلاح الإقتصادي في مصر، آثار برامج الإصلاح الإقتصادي على الفقر والتفاوت في توزيع الدخل شبكات الأمان الحديثة في مصر والآثار الإجتماعية لبرامج الإصلاح الإقتصادي
653 _aالإصلاح الإقتصادي
653 _aالتخطيط الإقتصادي
653 _aمصر- التخطيط الإقتصادي
942 _cكتاب
999 _c44314
_d44314